01448nam a2200265Ia 4500001000600000003000900006008004100015040001300056040001300069041001300082100001600095100002800111240004900139240003500188245004400223245004400267250001100311260001100322260001200333260004900345300005700394500067600451650002401127650003101151C5819IT-RoPAU130308s9999 xx 000 0 und d aIT-RoPAU cIT-RoPAU aITALIANO aValery Paul gCodice Aut. SPICS: 197 aREGARDS SUR LE monde ACTUEL ET AUTRES ESSAIS gCodice Tit. Orig. Spics: T2811 aSguardi sul mondo attuale e altri saggi bSguardi Sul Mondo Attuale e Altri Saggi a1a ed. aMILANO bAdelphi c1994 [1° Ed.:1994 - Ed.Ling.Originale:1945] a"318 p. (prefazione: no ; testo: 318 [pagine: 0-0])" aNote Sulla grandezza e Decadenza dell'Europa. Sulla Storia. Sui Partiti. Variazioni Sulla Libertà. idea di Dittatura. America proiezione Dello. Spirito Europeo. immagini della Francia. Funzione e presenza di Parigi. Lo Yalu. Discorso Sul Progresso. Oriente e Occidente. Introduzione a un Dialogo sull'arte . Orientem Versus. pensiero e Arte Francese. Libertà Dello Spirito.Francia Lavora. Mestiere di Uomo. Sguardo Sulla Letteratura Francese. Economia di Guerra Dello Spirito. Funzione e mistero dell'Academie. Centro Universitario Mediterraneo. presentazione del museo della Letteratura. Problemadi Esposizione. Respirare. Ultima Verba. Nota di felice Ciro Papparo. aSAGGI DI SOCIOLOGIA eCodice materia Spics: 3657